| 000 | 00722nam a22001577a 4500 | ||
|---|---|---|---|
| 003 | OSt | ||
| 005 | 20160310094321.0 | ||
| 008 | 160310b xxu||||| |||| 00| 0 eng d | ||
| 040 | _cRUA | ||
| 082 | _aAGR PHE 2014 B458 Or.1 | ||
| 100 |
_97870 _aPHENG LONGDY ; ផេង ឡង់ឌី |
||
| 245 | _aEffect of different quantity of rice bran in the growth of oyster mushroom under rice straw condition, ឥទ្ធិពលនៃបរិមាណកន្ទក់ខុសគ្នាលើការលូតលាស់របស់ផ្សិតអំបោះក្នុងលក្ខខណ្ឌប្រើចំបើង | ||
| 260 |
_aPhnom Penh _bRUA _c2014 |
||
| 300 |
_ax ;39p. _bill. _c29cm. |
||
| 942 |
_2ddc _cAGR |
||
| 999 |
_c7465 _d7465 |
||